الترويح و عوامل الإنحراف رؤية شرعية / (رقم التسجيلة. 65744)

تفاصيل مارك
000 -الفاتح
عناصر البيانات ثابتة الطول 00995cam a2200229 i 4500
005 - تاريخ ووقت آخر معاملة
حقل ضبط 20251216105222.0
008 - عناصر البيانات ثابتة الطول
عناصر البيانات ثابتة الطول 250721s2000 qa gr 000 0 ara d
020 ## - الترقيم الدولي المعياري للكتب (ردمك)
الترقيم الدولي المعياري للكتب (ردمك) 9992048004
082 14 - رقم تصنيف ديوي العشري
رقم التصنيف 216.9353
رقم المادة س ر ح
100 1# - مدخل رئيسي – اسم شخصي
الاسم الشخصي السرحان، عبد الله بن ناصر بن عبد الله
علاقة الشخص بالعمل/ دوره مؤلف.
245 12 - بيان العنوان
العنوان الترويح و عوامل الإنحراف رؤية شرعية /
بيان المسؤولية عب الله بن ناصر السدحان.
250 ## - بيان الطبعة
بيان الطبعة الطبعه الاولى.
264 31 - بيانات النشر، التوزيع…إلخ
مكان النشر، التوزيع...إلخ الدوحة :
اسم الناشر، الموزع...إلخ وزارة الأوقاف والشؤون الإسلامية،
تاريخ النشر، التوزيع...إلخ 2000.
300 ## - الوصف المادي
عدد الوحدات المكونة للوعاء 163صفحة.
490 0# - بيان السلسلة
عنوان السلسلة دورية تصدر كل شهرين عن وزارة الأوقاف و الشؤون الإسلامية
650 17 - مدخل إضافي بالموضوع - مصطلح موضوعي
مصطلح موضوعي أو اسم جغرافي كعنصر مدخل الإسلام.
650 17 - مدخل إضافي بالموضوع - مصطلح موضوعي
مصطلح موضوعي أو اسم جغرافي كعنصر مدخل المشاكل.
650 17 - مدخل إضافي بالموضوع - مصطلح موضوعي
مصطلح موضوعي أو اسم جغرافي كعنصر مدخل الإنحراف.
830 #0 - مدخل إضافي بالسلسلة-عنوان مقنن
عنوان السلسسلة دورية تصدر كل شهرين عن وزارة الأوقاف و الشؤون الإسلامية
942 ## - بيانات إضافية (كوها)
نوع التنصيف Dewey Decimal Classification
نوع المادة (كوها) كتب
المقتنيات
حالة السحب حالة الفقدان مصدر التصنيف حالة التلف غير قابل للإعارة المكتبة الرئيسية المكتبة الحالية موقع الرف تاريخ التزويد الرقم المتسلسل Total Checkouts رقم الإستدعاء الباركود تاريخ آخر ظهور تاريخ الفاتورة نوع المادة (كوها)
    Dewey Decimal Classification     المكتبة المركزية المكتبة المركزية الإعارة 06/07/2004 616054   216.9353 / س ر ح 616054 28/07/2025 06/07/2004 كتب
Implemented & Customized by: BBB with SCIT (Smart Chains for Information Technology)

Powered by Koha